000 01192nmc a2200397 a 4500
003 AR-BaBNM
005 20251128204326.0
008 115019s1982 ||||||||||||||000 | spa||
020 _a950-082-001-3
040 _cAR-BaBNM
100 1 _aZingaretti, Humberto
245 1 0 _aHacia una escuela de la esperanza
260 _aBuenos Aires
_bHumanitas
_c1982
300 _a183 p.
490 0 _aEducación hoy y mañana
_vv. 9
500 _aCompilación por la profesora Ana María Christensen
650 4 _aPEDAGOGIA
650 4 _aFINALIDADES DE LA EDUCACION
650 4 _aFUTURO DE LA EDUCACION
650 4 _aNECESIDADES EDUCACIONALES
650 4 _aEDUCACION PERMANENTE
650 4 _aPLANIFICACION DE LA EDUCACION
650 4 _aCALIDAD DE LA ENSENANZA
650 4 _aACCESO A LA EDUCACION
650 4 _aRELACION ESCUELA-COMUNIDAD
650 4 _aOBJETIVOS EDUCACIONALES
650 4 _aDEMANDA DE EDUCACION
650 4 _aSISTEMAS ESCOLARES
650 4 _aEVALUACION DEL DOCENTE
650 4 _aTECNICAS DE ENSENANZA
650 4 _aBIBLIOTECAS ESCOLARES
650 4 _aROL DEL DOCENTE
800 1 _aSierra de Villaverde, Sela
_edirector
942 _cBK
998 _cCarmen
999 _c7028
_d7028